SATAA : (Record no. 3900)

MARC details
000 -LEADER
fixed length control field 00548nam a2200157 4500
001 - CONTROL NUMBER
control field 4696
005 - DATE AND TIME OF LATEST TRANSACTION
control field 20181127173939.0
090 00 - LOCALLY ASSIGNED LC-TYPE CALL NUMBER (OCLC); LOCAL CALL NUMBER (RLIN)
Classification number (OCLC) (R) ; Classification number, CALL (RLIN) (NR) BBA INT. FIN-803 No.2
245 00 - TITLE STATEMENT
Title SATAA :
Remainder of title Branded whiskey by J.P /
Statement of responsibility, etc. Student Work.
Medium
260 00 - PUBLICATION, DISTRIBUTION, ETC.
Place of publication, distribution, etc. [Thimphu] :
Name of publisher, distributor, etc. [Royal Thimphu College],
Date of publication, distribution, etc. 2014.
300 ## - PHYSICAL DESCRIPTION
Extent 37 leaves.
Other physical details
Dimensions
Accompanying material
500 ## - GENERAL NOTE
General note Student research project for BBA: Internationl Finance- 803 (2014): Dr.Swati Chakraborty, lecturer.
General note Spiral-bound xerographic copy.
650 ## - SUBJECT ADDED ENTRY--TOPICAL TERM
Topical term or geographic name entry element Alcoholic beverages.
Form subdivision
General subdivision
Chronological subdivision
Geographic subdivision
Source of heading or term
Topical term or geographic name entry element Cocktails.
Form subdivision
General subdivision
Chronological subdivision
Geographic subdivision
Source of heading or term
Holdings
Withdrawn status Lost status Damaged status Not for loan Collection code Home library Current library Shelving location Serial Enumeration / chronology Inventory number Total Checkouts Full call number Barcode Date last seen Price effective from Koha item type
        STORAGE RTC Library RTC Library STORAGE 7430   BBA INT.FIN-803 No. 2STORAGE 30007475 27/11/2018 27/11/2018 Storage
Royal Thimphu College || All Right Reserved